000 00894nam a2200229 a 4500
001 47084
003 BD-RjUL
005 20211209054246.0
008 160807s1976 bg ||||| |||| 00| 0 ben d
020 _c: Tk.28.00
035 _a(BD-RjUL)47203
040 _aBD-RjUL
_bben
_cBD-RjUL
_dBD-RjUL
041 _aben
082 _223
_a330
_bUNN 1976
245 0 0 _aউন্নয়ন অর্থনীতি : সমস্যা ও সমাধান /
_cমহীউদ্দীন খান আলমগীর সম্পাদিত
260 _aঢাকা :
_bবাংলা একাডেমী,
_c১৯৭৬
300 _a[আট], ৪৭১ পৃ. ;
_c২১ সেমি.
650 _aঅর্থনীতি
_9143395
650 _aEconomics
_9143396
700 _aআলমগীর, মহীউদ্দীন খান সম্পাদিত
_9143397
942 _2ddc
_cBK
999 _c47084
_d47084